Hónegger

Sábháilte in:
Sonraí bibleagrafaíochta
Príomhchruthaitheoir: Gauthier, André (Údar)
Formáid: LEABHAR
Teanga:Spáinnis
Foilsithe / Cruthaithe: Madrid Espasa-Calpe 1979
Ábhair:
Clibeanna: Cuir clib leis
Níl clibeanna ann, Bí ar an gcéad duine le clib a chur leis an taifead seo!

MARC

LEADER 00000nam a2200000 a 4500
001 UCN1674
003 CL-VaPUC
008 010427e19790000SP |||||||||||||||||spa|d
082 0 4 |a 780.92  |b GAU  |2 21 
100 |a Gauthier, André  |e author  |9 459405 
245 1 0 |a Hónegger 
300 |a 132 p 
942 |c BK 
945 |d 20010427 00:00:00  |a crobeson 
260 |a Madrid  |b Espasa-Calpe  |c 1979 
600 0 7 |a HONEGGER, ARTHUR  |2 CL-VaPUC  |9 456936 
650 0 |a Compositores franceses  |9 328980 
650 0 |a Música, siglo 20  |9 324961 
583 |a last modification  |c 20010427 00:00:00  |k Rodrigo Vera 
999 |c 294925  |d 294923 
952 |0 0  |1 0  |4 0  |6 780_920000000000000_GAU_1979  |7 0  |8 A  |9 347676  |a BIBEDU  |b BIBEDU  |d 2019-11-20  |i 1180533  |o 780.92 GAU 1979  |p 1180533  |r 2023-01-12  |w 2019-11-20  |y BK  |k MUS